Classe dans Miitopia - Statistiques

Statistiques générales
  • Ce quiz a été pris 44 fois
  • Le résultat moyen est 11 sur 12
Statistiques - réponses
Par images Réponse % Correct
Fleur
97%
Mage
97%
Prêtre
97%
Princesse
97%
Voleur
97%
Chanteur
94%
Cuisinier
94%
Diablotin
94%
Tank
94%
Félin
92%
Guerrier
86%
Scientifique
78%
Aucun quiz correspondant
Distribution des résultats
% des personnes avec chaque résultat
Percentile par nombre de réponses
Votre historique - résultats
Vous n’avez pas pris ce quiz